| 000 | 00724nam a2200229 i 4500 | ||
|---|---|---|---|
| 001 | 79745 | ||
| 003 | ES-MaACL | ||
| 005 | 20250803050540.0 | ||
| 007 | t| | ||
| 008 | 041022s1956 fr ||||1| fre d | ||
| 100 | 1 |
_aHerodoto. _963126 |
|
| 245 | 1 | 0 |
_aHistoires / _cHérodote ; texte établi et traduit par Ph.E. Legrand. |
| 250 | _a3eme ed. rev. et corr. | ||
| 260 |
_aParis : _bLes Belles Lettres, _c1956 ( _fDurand) |
||
| 300 |
_a9 v. ; _c20 cm. |
||
| 490 | 1 | _aCollection des Universités de France | |
| 650 | 0 | 7 |
_aHistoria antigua _2embne _913385 |
| 700 | 1 |
_aLegrand, Ph. E. _971299 |
|
| 830 | 0 |
_aCollection des Universités de France _9180876 |
|
| 852 |
_aES-MaACL _jC-15501-9 _bR.43397 |
||
| 999 |
_c79745 _d79745 |
||